| 000 | 00947nam a2200325 a 4500 | ||
|---|---|---|---|
| 003 | AR-BaBNM | ||
| 005 | 20251128203820.0 | ||
| 008 | 082120s2002 ||||||||||||||000 | spa|| | ||
| 020 | _a950-003-015 | ||
| 040 | _cAR-BaBNM | ||
| 100 | 1 | _aRatto, Jorge A. | |
| 245 | 0 | 0 |
_aCiencias para maestros _n1 |
| 250 | _a4ª ed. | ||
| 260 |
_aBuenos Aires _bMarymar _c1981 |
||
| 300 |
_a212 p. _bil., gráfs., tablas |
||
| 490 | 0 | _aEl maestro en su acción cotidiana. Desarrollos curriculares | |
| 650 | 4 | _aENSEÑANZA DE LA CIENCIA | |
| 650 | 4 | _aCIENCIAS NATURALES | |
| 650 | 4 | _aACTIVIDADES DE APRENDIZAJE | |
| 650 | 4 | _aFORMACION PROFESIONAL | |
| 650 | 4 | _aOBJETIVOS EDUCACIONALES | |
| 650 | 4 | _aRECURSOS EDUCACIONALES | |
| 653 | _aEDUCACION PRIMARIA | ||
| 653 | _aMETODO CIENTIFICO | ||
| 653 | _aINNOVACIONES EDUCATIVAS | ||
| 700 | 1 |
_aGabba, Pablo J. _eprologuista |
|
| 800 | 1 |
_aRatto, Jorge A. _edirector |
|
| 942 | _cBK | ||
| 998 | _cCarmen | ||
| 999 |
_c5020 _d5020 |
||